UEFA Euros 2024 - Who scored that goal? - Statistics

General Stats
  • This quiz has been taken 52 times
  • The average score is 29 of 117
Answer Stats
Minute Player Vs % Correct
19 Musiala Scotland
84%
10 Wirtz Scotland
78%
45+1 Havertz Scotland
65%
87 Rüdiger Germany
62%
68 Füllkrug Scotland
59%
90+3 Can Scotland
51%
29 Gakpo Poland
49%
16 Barella Albania
46%
29 Morata Croatia
46%
73 Palmer Spain
46%
65 Arda Güler Georgia
43%
90+3 Embolo Hungary
43%
45+2 Carvajal Croatia
41%
18 Kane Netherlands
41%
17 Eriksen Slovenia
38%
32 Fabian Croatia
38%
21 Lamine Yamal France
38%
86 Oyarzabal England
38%
66 Varga Switzerland
38%
90+1 Watkins Netherlands
38%
83 Weghorst Poland
38%
47 Williams England
38%
7 Xavi Simons England
38%
25 Dani Olmo France
35%
32 Mikautadze Turkey
35%
11 Bastoni Albania
32%
13 Bellingham Serbia
32%
18 Kane Denmark
32%
9 Kolo Muani Spain
32%
1 Bajrami Italy
30%
90+5 Bellingham Slovakia
30%
12 Duah Hungary
30%
91 Kane Slovakia
30%
22 Musiala Hungary
30%
29 Stanciu Ukraine
30%
16 Buksa Netherlands
27%
47 Gakpo Austria
27%
20 Gakpo Romania
27%
79 Lewandowski France
27%
56 Mbappe Poland
27%
45 Aebischer Hungary
24%
90+2 Füllkrug Switzerland
24%
53 Havertz Denmark
24%
80 Saka Switzerland
24%
89 Wirtz Spain
24%
55 Calafiori Italy
22%
83 Dani Olmo Georgia
22%
51 Dani Olmo Germany
22%
34 Hjulmand England
22%
2 Kvaratskhelia Portugal
22%
18 Le Normand Spain
22%
119 Merino Germany
22%
57 Mikautadze Portugal
22%
25 Müldür Georgia
22%
68 Musiala Denmark
22%
28 Ndoye Germany
22%
7 Schranz Belgium
22%
26 Shaqiri Scotland
22%
75 Williams Georgia
22%
38 Wöber Austria
22%
21 Bernardo Silva Turkey
19%
90+2 Conceicao Czechia
19%
1 Demiral Austria
19%
70 De Vrij Turkey
19%
75 Embolo England
19%
51 Fabian Georgia
19%
67 Gündogan Hungary
19%
6 Malen Netherlands
19%
13 McTominay Switzerland
19%
45+4 Mikautadze Czechia
19%
55 Modric Italy
19%
39 Rodri Georgia
19%
80 Sabitzer Netherlands
19%
85 Vertonghen Belgium
19%
90+8 Zaccagni Croatia
19%
56 Bruno Fernandes Turkey
16%
90+10 Csoboth Scotland
16%
80 De Bruyne Romania
16%
59 Demiral Austria
16%
75 Depay Austria
16%
57 Dragus Ukraine
16%
13 Ferran Torres Albania
16%
77 Janza Denmark
16%
90+6 Jovic Slovenia
16%
74 Kramaric Albania
16%
83 Malen Romania
16%
90+3 Malen Romania
16%
30 Piatek Austria
16%
17 Schranz Ukraine
16%
25 Schranz England
16%
78 Arnautovic Poland
14%
66 Baumgartner Poland
14%
37 Freuler Italy
14%
53 Marin Ukraine
14%
62 Provod Portugal
14%
59 Schick Georgia
14%
66 Soucek Turkey
14%
2 Tielemans Romania
14%
46 Vargas Italy
14%
52 Calhanoglu Czechia
11%
76 Gjasula Albania
11%
90+5 Gjasula Croatia
11%
37 Marin Slovakia
11%
59 Schmid Netherlands
11%
54 Shaparenko Slovakia
11%
9 Trauner Poland
11%
80 Yaremchuk Slovakia
11%
28 Akaydin Turkey
8%
35 Akaydin Netherlands
8%
24 Duda Romania
8%
66 Gregoritsch Turkey
8%
69 Karnicnik Serbia
8%
11 Laci Croatia
8%
76 Müldür Turkey
8%
90+4 Tosun Czechia
8%
69 Hranac Czechia
5%
90+7 Artürkoglu Georgia
0%
No matching quizzes found
Score Distribution
Percent of People with Each Score
Percentile by Number Answered
Your Score History
You have not taken this quiz